Código procesal civil y comercial de la Provincia de Buenos Aires.

Guardado en:
Otros Autores: Parada, Ricardo, (comp.), Errecaborde, José, (comp.), Cañada, Francisco R., (comp.)
Formato: Libro
Idioma:Spanish
Publicado: Buenos Aires : Erreius, 2014.
Edición:11a. ed.
Materias:
Etiquetas: Agregar Etiqueta
Sin Etiquetas, Sea el primero en etiquetar este registro!
LEADER 00672nam a22002055a 4500
001 DER.der014364
008 191107s2014####ag############000#0#spa#d
005 20241004121732.0
245 1 0 |a Código procesal civil y comercial de la Provincia de Buenos Aires. 
250 |a 11a. ed. 
260 |a Buenos Aires :  |b Erreius,  |c 2014. 
300 |a 672 p. 
020 |a 9789870116165 
240 1 0 |a Argentina - Códigos 
700 1 |a Parada, Ricardo,  |e comp. 
700 1 |a Errecaborde, José,  |e comp. 
700 1 |a Cañada, Francisco R.,  |e comp. 
650 7 |a DERECHO PROCESAL CIVIL 
859 |a DERECHO  |b BIB. DERECHO  |h 348.023  |i ARG  |p 009635 
859 |a DERECHO  |b BIB. DERECHO  |h 348.023  |i ARG  |p 009831  |t 1